Nazwy misji w GTA SA - Statystyki

Ogólne statystyki
  • Ten quiz został rozwiązany 373 razy
  • Średni wynik to 28 z 102
Statystyki odpowiedzi
Zleceniodawcy Odpowiedź % Poprawnych
Los Santos Big Smoke
86%
Ryder Ryder
73%
Po złej stronie torów
62%
Big Smoke OG Loc
60%
Koniec kolejki
57%
Cesar Vialpando
53%
Sweet i Kendl
49%
Wu Zi Mu
49%
Madd Dogg | OG Loc Madd Dogg
48%
Dziewczyna Sweeta
47%
Okradanie Wuja Sama
46%
Doberman
42%
Dziewiątki i kałachy
42%
Przejażdżka
42%
Mike Toreno
40%
Sweet Znakowanie terenu
40%
Jednoczenie rodzin
39%
Jizzy
37%
Przelotówa
37%
Katalizator
36%
Syndykat Loco T-Bone Mendez
35%
Wybierasz się do san fierro?
35%
The Truth Czarny projekt
34%
Los Desperados
34%
Zielona maź
33%
Zielone Sabre
33%
Czyszczenie osiedla
32%
Łap zająca
32%
To tylko biznes
32%
Żegnaj miłości moja
32%
C.R.A.S.H Płonące pożądanie
30%
Zamieszki
30%
CJ Pionowzlot
29%
Domowa inwazja
28%
Import
28%
Los Sepulcros
28%
Cesar Wysoka Stawka, lowridery
28%
C.R.A.S.H Złe ziemie
28%
Truth Krwawe żniwa
27%
Triady Fotograficzna okazja
26%
Klucz do jej serca
26%
Mike Toreno N.O.E
26%
Potwór
26%
Ran Fa Li
26%
Kasyno Four Dragons Ketchup na zderzaku
25%
Ostatni lot Toreno
25%
Przynęta
25%
555 "uprzejmie donoszę"
23%
Cesar Król na wygnaniu
23%
Catalina Pierwsza randka
23%
W samo południe
23%
Dom na wzgórzach
22%
Lokalny sklep monopolowy
22%
Miniaturowa armia
22%
Powrót do domu
22%
Ryba w beczce
22%
Verdant Meadows
22%
Wodny szturm
22%
Krak bum-bum
21%
Policyjne koła
21%
Sweet Z wizytą u B Dupa
21%
Demolka
20%
Jak w niebie
20%
Szkoła jazdy Z powrotem do szkoły
20%
Domowy melanż
19%
Linie zaopatrzeniowe
19%
Nauka latania
19%
Rozbijanie banku u Caliguli
19%
Klub Pier 69
18%
Na menadżerskim szczeblu
18%
Na zawsze Grove
18%
Pierwsza baza
18%
Zrzut
18%
Bar Saint Mark
17%
Da Nang Thang
17%
Catalina (napady) Kierowca cysterny
17%
Wu Zi Mu Mountain Cloud Boys
17%
Rany kłute
17%
Szmugler
17%
Biznes mięsny
16%
Don Peyote
16%
Masz swoje żetony
16%
Miłosne igraszki
16%
Swobodne lądowanie
16%
W górę!
16%
C.R.A.S.H Defraudacja
15%
Prowincjonalny bank
15%
Przejęcie
15%
Napad na bank Szpiegostwo architektoniczne
15%
Tama i wybuch
15%
Z zimną krwią
15%
Zero Powietrzny rajd
14%
Pałac Caliguli Intensywna opieka
13%
Cesar Namierzanie
13%
Wybuchowa sprawa
13%
Cynk na cło
12%
Ostra rywalizacja
12%
Straż przednia
12%
Jazda próbna
10%
CJ Noś kwiat we włosach
8%
Przeciw wszyskiemu
2%
Nie znaleziono quizów pasujących do podanych kryteriów
Rozkład punktacji
Procent ludzi z każdym wynikiem
Percentyl według liczby udzielonych odpowiedzi
Twoja historia wyników
Nie rozwiązałeś tego quizu